000 00354nam a2200133Ia 4500
005 20260326235455.0
008 260326s9999||||xx |||||||||||||| ||und||
100 _aKingsley. Davis
245 0 _aCities :
_b Their Origin, growth and Human impact /
_cKingsley. Davis
260 _bW.H. Freeman
300 _a297 p.
650 _aDISEÑO URBANO
942 _cBK
999 _c7902
_d7902